00249nam a2200121Ia 4500100003200000250000600032654000900038245001600047260002500063082001900088300000800107546001200115 aCoad Peter/ Mayfield/ Mark  a2 ajava aJAVA Design bYourdon Pressc1999 a5.133bCOA/MAY a309 aENGLISH